| 000 | 00745nam a22002057a 4500 | ||
|---|---|---|---|
| 003 | 0 | ||
| 005 | 20250507170012.0 | ||
| 008 | 250507b xxu||||| |||| 00| 0 eng d | ||
| 020 | _a9786214272174 | ||
| 050 |
_aJF 1351 _b.Ab117 2024 |
||
| 100 |
_aAbante, Marmelo _eauthor |
||
| 245 |
_aContemporary trends in public administration: _btheory, practice, and case studies _cMarmelo Abante and Melchor Julianes |
||
| 260 |
_aIntramuros, Manila _bUnlimited Books Library Services & Publishing Inc. _c2024 |
||
| 300 |
_aviii, 292 pages; _c25cm. |
||
| 504 | _aIncludes bibliographical references. | ||
| 650 | _aPublic administration -- Public policy. | ||
| 650 | _aPublic administration—Trends. | ||
| 700 | _aJulianes, Melchor | ||
| 942 |
_2lcc _cBK |
||
| 999 |
_c367471 _d367471 |
||